El cuarto de al lado / (Record no. 130883)
[ view plain ]
| 000 -LEADER | |
|---|---|
| campo de control de longitud fija | 02415nam a2200349 i 4500 |
| 001 - NÚMERO DE CONTROL | |
| campo de control | 130883 |
| 003 - IDENTIFICADOR DE NÚMERO DE CONTROL | |
| campo de control | ES-MaACL |
| 005 - FECHA Y HORA DE LA ÚLTIMA TRANSACCIÓN | |
| campo de control | 20240827063032.0 |
| 007 - CAMPO FIJO DE DESCRIPCIÓN FÍSICA--INFORMACIÓN GENERAL | |
| campo de control de longitud fija | t| |
| 008 - DATOS DE LONGITUD FIJA--INFORMACIÓN GENERAL | |
| campo de control de longitud fija | 070810s2007 sp ||||0| spa d ..| |
| 015 ## - NÚMERO DE BIBLIOGRAFÍA NACIONAL | |
| Número de bibliografía nacional | MON0706 |
| 020 ## - NÚMERO INTERNACIONAL ESTÁNDAR DEL LIBRO | |
| Número Internacional Estándar del Libro | 9788426415974 |
| 040 ## - FUENTE DE CATALOGACIÓN | |
| Centro catalogador/agencia de origen | M-BN |
| Lengua de catalogación | spa |
| Centro/agencia transcriptor | M-BN |
| 080 ## - NÚMERO DE LA CLASIFICACIÓN DECIMAL UNIVERSAL | |
| Número de la Clasificación Decimal Universal | 821.134.2-84"19" |
| 100 1# - ENTRADA PRINCIPAL--NOMBRE DE PERSONA | |
| Nombre de persona | Martín Garzo, Gustavo, |
| Fechas asociadas al nombre | 1948- |
| 9 (RLIN) | 234309 |
| Término indicativo de función/relación | Autor |
| 245 13 - MENCIÓN DEL TÍTULO | |
| Título | El cuarto de al lado / |
| Mención de responsabilidad, etc. | Gustavo Martín Garzo |
| 250 ## - MENCION DE EDICION | |
| Mención de edición | Primera edición: marzo de 2007 |
| 260 ## - PUBLICACIÓN, DISTRIBUCIÓN, ETC. | |
| Lugar de publicación, distribución, etc. | [Barcelona] : |
| Nombre del editor, distribuidor, etc. | Lumen, |
| Fecha de publicación, distribución, etc. | 2007 |
| 300 ## - DESCRIPCIÓN FÍSICA | |
| Extensión | 260 páginas ; |
| Dimensiones | 21 cm. |
| 490 1# - MENCIÓN DE SERIE | |
| Mención de serie | Memorias y biografías |
| 500 ## - NOTA GENERAL | |
| Nota general | Índice |
| 520 ## - RESUMEN, ETC. | |
| Sumario, etc. | A menudo nos preguntamos de dónde vienen las grandes novelas, cómo nacen esos personajes que se quedan luego pegados a la piel del lector, dónde encontró el escritor inspiración para crear cierta atmósfera. En los fragmentos que Gustavo Martín Garzo ha reunido en este personalísimo Cuarto de al lado esté quizá la respuesta: en las manos de un escritor de talento, cualquier detalle de la vida cotidiana puede convertirse en materia narrativa. Así, la imagen fugaz de una mujer tendiendo ropa o la de un tendero exponiendo naranjas, las travesuras de unos niños, el gesto de una vieja dama a la hora de morir, una emoción inesperada, las palabras de un amigo o un poema antiguo leído a altas horas de la noche crean un espacio donde la palabra empieza a crecer y madurar hasta ser historia.<br/><br/>De estos fragmentos de realidad privilegiada se compone El cuarto de al lado, unas notas que proceden de cuadernos escritos a lo largo de los años y que ahora se publican por primera vez. Martín Garzo nos propone que las leamos como pequeños cuentos; pequeños, sí, pero hermosos e intensos, capaces de iluminar ese lugar incierto donde está la buena literatura. |
| 830 0# - PUNTO DE ACCESO ADICIONAL DE SERIE-TÍTULO UNIFORME | |
| Título uniforme | Memorias y biografías (Editorial Lumen) |
| 9 (RLIN) | 234392 |
| 852 ## - LOCALIZACIÓN | |
| Ubicación | ES-MaACL |
| Número de control de estantería | N-1731 |
| Sublocalización o colección | R.142111 |
| itemnumber | 135654 |
| Ubicación en estantería | Hemeroteca |
| 852 ## - LOCALIZACIÓN | |
| Ubicación | ES-MaACL |
| Número de control de estantería | N-9435 |
| Sublocalización o colección | R. 154663 |
| itemnumber | 200693 |
| Ubicación en estantería | Depósito J |
| Encuadernación | Encuadernación cartoné con sobrecubiertas |
| Anotaciones manuscritas | Dedicatoria autógrafa del autor |
| Donativo/Legado | Donación: Gustavo Martín Garzo |
| 903 ## - NOMBRE PERSONAL DE DONANTE | |
| 9 | 234309 |
| a | Martín Garzo, Gustavo, |
| d | 1948- |
| e | Donante |
| 942 ## - ELEMENTOS DE ENTRADA SECUNDARIOS (KOHA) | |
| Suprimir en OPAC | No |
| Tipo de ítem Koha | Libro impreso |
| Estatus retirado | Estado de pérdida | Fuente del sistema de clasificación o colocación | Estado de daño | Restricciones de uso | No para préstamo | Biblioteca de origen | Biblioteca actual | Ubicación en estantería | Fecha de adquisición | Total de préstamos | Signatura topográfica completa | Código de barras | Visto por última vez | Tipo de ítem Koha | Especificación de materiales (volumen encuadernado u otra parte) | Colección | Fuente de adquisición | Nota pública |
|---|---|---|---|---|---|---|---|---|---|---|---|---|---|---|---|---|---|---|
| Clasificación decimal universal | Duplicado | Biblioteca del Ateneo de Madrid | Biblioteca del Ateneo de Madrid | Hemeroteca | 17/01/2008 | N-1731/Ej.1 | 1136269 | 23/02/2023 | Libro impreso | |||||||||
| Clasificación decimal universal | Biblioteca del Ateneo de Madrid | Biblioteca del Ateneo de Madrid | Depósito J | 25/10/2023 | N-9435 | 101205981 | 25/10/2023 | Libro impreso | Enc. cartoné | Libros con dedicatorias | Donación | Dedicatoria autógrafa del autor |
